|
|
|
|
| LEADER |
01689nam a22003854a 4500 |
| 001 |
EBC321754 |
| 003 |
MiAaPQ |
| 005 |
20200520144314.0 |
| 006 |
m o d | |
| 007 |
cr cn||||||||| |
| 008 |
050531s2005 caua sb 000 0 eng |
| 010 |
|
|
|z 2005015780
|
| 020 |
|
|
|z 0833038052 (pbk. : alk. paper)
|
| 035 |
|
|
|a (MiAaPQ)EBC321754
|
| 035 |
|
|
|a (Au-PeEL)EBL321754
|
| 035 |
|
|
|a (CaPaEBR)ebr10152591
|
| 035 |
|
|
|a (OCoLC)65465982
|
| 040 |
|
|
|a MiAaPQ
|c MiAaPQ
|d MiAaPQ
|
| 043 |
|
|
|a a-cc---
|
| 050 |
|
4 |
|a HF1414.55.C6
|b M43 2005
|
| 082 |
0 |
4 |
|a 382/.64/0951
|2 22
|
| 100 |
1 |
|
|a Medeiros, Evan S.
|
| 245 |
1 |
0 |
|a Chasing the dragon
|h [electronic resource] :
|b assessing China's system of export controls for WMD-related goods and technologies /
|c Evan S. Medeiros.
|
| 260 |
|
|
|a Santa Monica, CA :
|b Rand Corp.,
|c 2005.
|
| 300 |
|
|
|a xxii, 112 p. :
|b ill.
|
| 500 |
|
|
|a "MG-353."
|
| 504 |
|
|
|a Includes bibliographical references (p.109-112).
|
| 505 |
0 |
|
|a Introduction -- History of Chinese export controls -- Key organizations in China's export control system -- Chinese export control decision making : registration and licensing processes -- Challenges in implementation and enforcement of export controls.
|
| 533 |
|
|
|a Electronic reproduction. Ann Arbor, MI : ProQuest, 2015. Available via World Wide Web. Access may be limited to ProQuest affiliated libraries.
|
| 650 |
|
0 |
|a Export controls
|z China.
|
| 650 |
|
0 |
|a Weapons of mass destruction
|x Government policy
|z China.
|
| 650 |
|
0 |
|a Arms transfers
|z China.
|
| 655 |
|
4 |
|a Electronic books.
|
| 710 |
2 |
|
|a ProQuest (Firm)
|
| 856 |
4 |
0 |
|u https://ebookcentral.proquest.com/lib/matrademy/detail.action?docID=321754
|z Click to View
|